000 00710nam a22002177a 4500
003 UA-OsUOA
001 55769
007 ta
008 20080922b un ||||| |||| 00| 0 ukr d
100 _aБерегуля О.
090 _a330
_bБ48
942 _cSA
040 _aUA-OsUOA
_bukr
_cUA-OsUOA
_dUA-OsUOA
245 _aЧинники підвищення конкурентоспроможності банку на ринках іпотечного кредитування
300 _aС.42-44
955 _a0
041 _aukr
080 _a330
773 0 _w55764
_tВісник Національного банку України
_dК.
_d2008
_g8
650 7 _a330 Економіка взагалі
_2UDC
999 _c341852
_d341852